LEADER 00801nam0 2200265 450 001 9910165959903321 005 20170309094048.0 010 $a978-88-917-4050-2 100 $a20170309d2016----km y0itay50 ba 101 0 $aita 102 $aIT 105 $a 001yy 200 1 $a<>rendicontazione sociale negli atenei italiani$evalori, modelli, misurazioni$fa cura di Chiara Mio 210 $aMilano$cFrancoAngeli$dc2016 215 $a404 p.$d23 cm 225 1 $aStudi e Ricerche$iFatti e teorie a confronto 676 $a378.106$v22 702 1$aMio,$bChiara 801 0$aIT$bUNINA$gRICA$2UNIMARC 901 $aBK 912 $a9910165959903321 952 $aMIO378.106A$b886$fDECBC 959 $aDECBC 996 $aRendicontazione sociale negli atenei italiani$91470240 997 $aUNINA LEADER 01795nam a2200325 i 4500 001 991000490199707536 005 20020509171234.0 008 990520s1973 it ||| | fre 035 $ab11365961-39ule_inst 035 $aPARLA209197$9ExL 040 $aDip.to Scienze Storiche Fil. e Geogr.$bita 082 04$a330.945 100 1 $aToubert, Pierre$0161942 245 14$aLes structures du Latium medieval :$bles Latium meridional et la Sabine du 9. siecle a la fin du 12. siecle /$cPierre Toubert ; preface d'Ottorino Bertolini 260 $aRoma :$bÉcole française de Rome,$c1973 300 $a2 v. (xxvii, 1500 p. compless.) :$bill. ;$c24 cm. 490 0 $aBibliothèque des Ecoles françaises d'Athènes et de Rome ;$v221 651 4$aLazio$xEconomia$ySec. 9.-12. 651 $aLazio$xStoria$ySec. 9.-12. 907 $a.b11365961$b01-03-17$c01-07-02 912 $a991000490199707536 945 $aLE019 A23 ST E 6$cV. 2.$g1$i2019000025102$lle019$o-$pE0.00$q-$rl$s- $t0$u0$v0$w0$x0$y.i14352230$z22-01-07 945 $aLE019 A23 ST E 5$cV. 1.$g1$i2019000025096$lle019$o-$pE0.00$q-$rl$s- $t0$u0$v0$w0$x0$y.i14352242$z22-01-07 945 $aLE023 330.945 TOU 1 1 $g0$i2023000152751$lle023$o-$pE0.00$q-$rn$so $t0$u0$v0$w0$x0$y.i11546645$z01-07-02 945 $aLE023 330.945 TOU 1 2 $g0$i2023000152768$lle023$nV. 2$o-$pE0.00$q-$rn$so $t0$u0$v0$w0$x0$y.i12537743$z25-06-03 945 $aLE009 STOR.30-50$g1$i2009000085848$lle009$nV. 1$o-$pE0.00$q-$rn$so $t0$u0$v0$w0$x0$y.i12537718$z25-06-03 945 $aLE009 STOR.30-50a$g1$i2009000085831$lle009$nV. 2$o-$pE0.00$q-$rn$so $t0$u0$v0$w0$x0$y.i12537731$z25-06-03 996 $aStructures du Latium médieval$934502 997 $aUNISALENTO 998 $a(2)le019$a(2)le023$a(2)le009$b19-11-10$cm$da $e-$ffre$git $h4$i6